Najspoľahlivejšou ochranou pre investorov sú informácie

Odporúčania spracované skupinou expertov FSVC (Financial Services Volunteer Corps. - Zbor pre poskytovanie dobrovoľných finančných služieb) podporovaného Agentúrou USA pre medzinárodný rozvoj (USAID) na požiadanie ministra financií SR. - Riešenie okamžitej informovanosti investorov o cenách a objemo...

Ausführliche Beschreibung

Gespeichert in:
Bibliographische Detailangaben
1. Verfasser: Bridle, T.
Format: Buchkapitel
Sprache:Slowakisch
Schlagworte:
Tags: Tag hinzufügen
Keine Tags, Fügen Sie das erste Tag hinzu!

MARC

LEADER 00000naa a2200000 4500
001 r015870
005 20221205091159.7
041 0 |a slo 
044 |a SK 
245 1 0 |a Najspoľahlivejšou ochranou pre investorov sú informácie  |c T. Bridle 
520 |a Odporúčania spracované skupinou expertov FSVC (Financial Services Volunteer Corps. - Zbor pre poskytovanie dobrovoľných finančných služieb) podporovaného Agentúrou USA pre medzinárodný rozvoj (USAID) na požiadanie ministra financií SR. - Riešenie okamžitej informovanosti investorov o cenách a objemoch obchodov na organizovanom kapitálovom trhu vo svete a možnosti na Slovensku. Správy o účastníkoch trhu. Štátny dozor nad trhmi s cennými papiermi. 
610 2 0 |a trh kapitálový 
610 2 0 |a Slovensko 
610 2 0 |a informácie 
610 2 0 |a investori 
610 2 0 |a ceny 
610 2 0 |a akcie 
610 2 0 |a papiere cenné 
610 2 0 |a obchody burzové 
610 2 0 |a obchody mimoburzové 
610 2 0 |a dozor štátny 
610 2 0 |a svet 
100 1 |a Bridle, T.